Statistics for Premier League Players with over 500 games

Click here to take the quiz!

General Stats

  • This quiz has been taken 21 times
  • The average score is 9 of 12

Answer Stats

AppearancesPlayerClubs% Correct
632Ryan GiggsManchester United
100%
504Steven GerrardLiverpool
100%
653Gareth BarryAston Villa, Manchester City, Everton, West Bromwich Albion
90%
609Frank LampardWest Ham United, Chelsea, Manchester City
90%
505Phil NevilleManchester United, Everton
80%
504Rio FerdinandWest Ham United, Leeds United, Manchester United, Queens Park Rangers
75%
508Jamie CarragherLiverpool
70%
572David JamesLiverpool, Aston Villa, West Ham United, Manchester City, Portsmouth
60%
503Sol CampbellTottenham Hotspur, Arsenal, Portsmouth, Newcastle United
60%
535Gary SpeedLeeds United, Everton, Newcastle United, Bolton Wanderers
50%
516Emile HeskeyLeicester City, Liverpool, Birmingham City, Wigan Athletic, Aston Villa
45%
514Mark SchwarzerMiddlesbrough, Fulham, Chelsea, Leicester City
45%

Score Distribution

Percentile by Number Answered

Percent of People with Each Score

Your Score History

You have not taken this quiz